| 000 | 00334nam a22001337a 4500 | ||
|---|---|---|---|
| 008 | 181009b xxu||||| |||| 00| 0 eng d | ||
| 020 | _a9781584262596 | ||
| 041 | _aeng | ||
| 080 |
_23rd _a610 |
||
| 100 | _a4 | ||
| 101 | _aSHM | ||
| 245 |
_aHealth Information Management Technology An Applied Approach _cJohns,M.L |
||
| 942 |
_2udc _cBK |
||
| 999 |
_c49097 _d49097 |
||